LEADER 01122nam a2200229 4500 001 000000335791 003 CaOOAMICUS 005 20190805113624.0 008 190805s1732 it 000 u ita r 026 $ai-o, l-s- i,si aqve (3) 1732 (R) 040 $aSeMil$bita 245 00$aParte 2. 264 1$aIn Venezia :$bPer Stefano Orlandini, a spese dell'autore,$c1732. 300 $a332 p., C. di tav. ripieg. XIV-XXV :$bill. ;$c8° 500 $aSegn.: A-2R? 2S? 700 11$aCrivelli, Giovanni Francesco.$0(OLS)http://semarc/name/110046 773 0 $aCrivelli, Giovanni Francesco$tElementi di fisica esposti da Giovanni Crivelli chierico regolare somasco. E dedicati a S. E. il signor Giacopo Soranzo. Parte 1. [-2.].$dIn Venezia : Per Stefano Orlandini, a spese dell'autore, 1731-1732.$w()335789 850 $aSeMil 852 $aSeMil$W1$xVenegono$y1$m3W V 126 FA$j215113$B227663$CSeMilBibl$Z2$F227663 $8I 996 $6245$aParte 2$9(OLS)http://semarc/title/108333 996 $6264$aIn Venezia :$bPer Stefano Orlandini, a spese dell'autore$9(OLS)http://semarc/publisher/58432 LEADER 00967nam a2200193 i 4500 001 000000229168 003 CaOOAMICUS 005 20140429000000.0 008 140429s1880 it u000 u lat u 013 $a208070 040 $aSeMil$bita 245 10$aContinens Dracontium, Sedulium, Prosperum Tirum, Auctorem incertum, S. Orentium, S. Hilarium .. 300 $a118 p. 490 0 $aRaccolta di testi latini : tratti da autori classici cristiani 773 0 $tCarmina e poetis christianis excerpta adnotationibus illustrata in usum studiosorum.$dAugustae Taurinorum : Eq. P. Marietti, 1880-1885.$g3$w()29796 830 0$aRaccolta di testi latini : tratti da autori classici cristiani.$0(OLS)http://semarc/title/40511 850 $aSeMil 852 $aSeMil$W1$xVenegono$y1$m1Y I 16 FA$j179514$B179514$CSeMilBibl$Z2$F190619 $8I 996 $6245$aContinens Dracontium, Sedulium, Prosperum Tirum, Auctorem incertum, S. Orentium, S. Hilarium ..$9(OLS)http://semarc/title/327842